| 000 | 00927 a2200301 4500 | ||
|---|---|---|---|
| 001 | 200419762 | ||
| 003 | TR-AnTOB | ||
| 005 | 20240904141455.0 | ||
| 008 | 140618b tu 000 0 | ||
| 020 | _a9786051371542 | ||
| 040 |
_aTR-AnTOB _btur _erda _cTR-AnTOB |
||
| 041 | 0 | _atur | |
| 050 | 0 | 0 |
_aHC59.7 _bB47 2012 |
| 090 | _aHC59.7 B47 2012 | ||
| 100 | 1 |
_aBerksoy, Binhan Oğuz _999641 |
|
| 245 | 1 | 0 |
_aSektörel Olarak Komşu Ülkelerde Türkiye’nin İhracat Potansiyeli / _cBinhan Oğuz Berksoy. |
| 264 |
_aİstanbul: _bİstanbul Ticaret Odası, _c2012 |
||
| 300 |
_a164 s.: _bşekl. tabl.; _c23 cm |
||
| 336 |
_atext _2rdacontent _btxt |
||
| 337 |
_aunmediated _2rdamedia _bn |
||
| 338 |
_avolume _2rdacarrier _bnc |
||
| 504 | _aIncludes bibliographical references and index | ||
| 650 | 0 | 7 |
_aİhracat _zTürkiye _2etuturkob _919816 |
| 650 | 0 | 0 |
_aExports _zTurkey _919817 |
| 942 |
_cBK _2lcc |
||
| 990 | _at.o 05.02.2014 | ||
| 999 |
_c200419762 _d37450 |
||